|
|
|
|
| LEADER |
01072nam a2200265 a 4500 |
| 001 |
16137673 |
| 008 |
120702s2010 caua b 001 0 eng |
| 010 |
|
|
|a 2010009457
|
| 020 |
|
|
|a 9781412960830 (2 vol. set : cloth)
|
| 040 |
|
|
|a DLC
|c DLC
|d DLC
|d BD-DhAAL
|
| 050 |
0 |
0 |
|a HQ1233
|b .G452 2010
|
| 082 |
0 |
0 |
|a 305.42
|2 22
|
| 245 |
0 |
0 |
|a Gender and women's leadership :
|b a reference handbook.
|n Volume 1 /
|c Karen O'Connor, editor.
|
| 260 |
|
|
|a Thousand Oaks, Calif. :
|b SAGE,
|c c2010.
|
| 300 |
|
|
|a 2 v. (xxxi, 1059 p.) :
|b ill. ;
|c 29 cm.
|
| 504 |
|
|
|a Includes bibliographical references and index.
|
| 541 |
|
|
|e 00025544
|
| 650 |
|
0 |
|a Leadership in women.
|
| 650 |
|
0 |
|a Women
|x Political activity.
|
| 650 |
|
0 |
|a Political leadership.
|
| 650 |
|
0 |
|a Sex discrimination against women.
|
| 700 |
1 |
|
|a O'Connor, Karen,
|d 1952-
|
| 852 |
1 |
|
|a Ayesha Abed Library
|c General shelf.
|
| 999 |
|
|
|c 12495
|d 12495
|
| 952 |
|
|
|0 0
|1 0
|2 ddc
|4 0
|6 305_420000000000000_GEN
|7 0
|9 20654
|a IGS
|b IGS
|c GEN
|d 2012-07-03
|e karim International
|g 11000.00
|l 1
|m 3
|o 305.42 GEN
|p 3010025544
|r 2014-06-09
|s 2012-12-31
|t 1
|w 2012-07-05
|y BK
|